| 000 | 00833nas a2200277 4500 | ||
|---|---|---|---|
| 001 | BR2018001101 | ||
| 003 | BR-BrBNA | ||
| 005 | 20231205131332.0 | ||
| 007 | ta | ||
| 008 | 230509b bl.|||p| |||| 00| 00por d | ||
| 040 |
_aBR-BrBNA _bpor _cBiblioteca Nacional de Agricultura |
||
| 041 | _a(En) | ||
| 072 | _aF30 | ||
| 100 | 1 | _aValente, M.S.F. | |
| 100 | 1 | _aLopes, M.T.G. | |
| 100 | 1 | _aChaves, F.C.M. | |
| 100 | 1 | _aOliveira, A.M. | |
| 100 | 1 | _aFreitas, D.R.B. de | |
| 245 | 1 | _aRepeatability of biometric and fruit and seed yield traits of sacha inchi | |
| 650 | _aSELEÇÃO | ||
| 650 | _aGENÓTIPO | ||
| 650 | _aMELHORAMENTO GENÉTICO VEGETAL | ||
| 773 | 0 |
_tActa Amazônica (Brazil) _xISSN 0044-5967 _g(Sep 2017), v. 47(3) p. 195-202 _wBR2018001101 |
|
| 909 |
_a202311 _bLúcia _c55 _dLúcia Elande |
||
| 942 |
_2AGRIS _n0 _cANA |
||
| 999 |
_c254251 _d254251 |
||